Κατάλογος Βιβλιοθηκών Mediterranean College

Handbook of Reliability Engineering and Management / Second Edition (Record no. 1764)

MARC details
000 -LEADER
fixed length control field 01759cam a22002174a 4500
005 - ΗΜΕΡΟΜΗΝΙΑ ΚΑΙ ΩΡΑ ΤΕΛΕΥΤΑΙΑΣ ΕΝΗΜΕΡΩΣΗΣ
Πεδίο ελέγχου 20250605164018.0
008 - FIXED-LENGTH DATA ELEMENTS--GENERAL INFORMATION
Πεδίο ελέγχου σταθερού μήκους 250528s ||||||||||||||||||||||||d
035 ## - SYSTEM CONTROL NUMBER
System control number 16244
020 ## - ISBN
ISBN 70127506
040 ## - ΠΗΓΗ ΚΑΤΑΛΟΓΟΓΡΑΦΗΣΗΣ
Φορέας πρωτότυπης καταλογογράφησης MC Athens Campus Library
Γλώσσα καταλογογράφησης Ελληνικά, Μοντέρνα (1453-)
Modifying agency MC Athens Campus Library
Κανόνες περιγραφικής καταλογογράφησης AACR2
245 1# - ΤΙΤΛΟΣ ΚΑΙ ΔΗΛΩΣΗ ΥΠΕΥΘΥΝΟΤΗΤΑΣ
Τίτλος Handbook of Reliability Engineering and Management / Second Edition
250 ## - EDITION STATEMENT
Edition statement 2nd
260 ## - PUBLICATION, DISTRIBUTION, ETC.
Name of publisher, distributor, etc. Mcgraw Hill,
Date of publication, distribution, etc. 1996
520 ## - SUMMARY, ETC.
Summary, etc. This edition offers you unsurpassed coverage of all aspects of reliability engineering and management, including reliability issues in electronic components and systems, software, and mechanical devices. Preface, Introduction and Definitions and Relationships, The Role of Management in Reliability, Managing Reliability as a Process, Economics of Reliability, Design of Reliability, Failure Mode and Effects Analysis (FMEA) and Fault-Tree Analysis (FTA) (Success-Tree Analysis - STA), Reliability Specifications and Goal Setting, Concurrent Engineering, Human-Centered Design, Reliability Information Collection and Analysis, Designing Experiments to Measure and Improve Reliability, Accelerated Testing, Failure Analysis System - Root Cause and Corrective Action, Physics of Failure, Maintainability and Reliability, Component Reliability, Thermal Management and Reliability of Electronics, Mechanical Stress and Analysis, Mechanical Reliability, Design for Mechanical Reliability, System Reliability, Software Reliability and the Development Process, Supplier Reliability and Quality Assurance, Techniques of Estimating Reliability at Design Stage, Life Distributions and Concepts, Index.
700 1# - ΠΡΟΣΘΕΤΗ ΑΝΑΓΡΑΦΗ--ΦΥΣΙΚΟ ΠΡΟΣΩΠΟ
Personal name Coombs Clyde F
9 (RLIN) 2325
700 1# - ΠΡΟΣΘΕΤΗ ΑΝΑΓΡΑΦΗ--ΦΥΣΙΚΟ ΠΡΟΣΩΠΟ
Personal name Ireson W. Grant
9 (RLIN) 2326
700 1# - ΠΡΟΣΘΕΤΗ ΑΝΑΓΡΑΦΗ--ΦΥΣΙΚΟ ΠΡΟΣΩΠΟ
Personal name Moss Richard Y
9 (RLIN) 2327
942 ## - ADDED ENTRY ELEMENTS (KOHA)
Koha item type Books
Holdings
Τύπος τεκμηρίου Βιβλιοθήκη Τρέχουσα τοποθεσία Barcode Αριθμός εισαγωγής Ημερομηνία απόκτησης Ταξιθετικό σύμβολο Αριθμός αντιτύπου Κατάσταση απόσυρσης Κατάσταση χαμένου Κατάσταση κατεστραμμένου Μη δανεισμός Σύνολο δανεισμών Ημερομηνία τελευταίας εμφάνισης Η τιμή ισχύει από
Books MC Athens Campus Library MC Athens Campus Library 9780000017635 3331 05/06/2025 620/.00452 GRA 1           05/06/2025 05/06/2025

MC Athens Campus Library
Πατησίων 94 & Κοδριγκτώνος 13, 104 34
Πελλήνης 8 & Πατησίων 107, 112 51
Τ: +30 210 8899600

MC Thessaloniki Campus Library
Ίωνος Δραγούμη 21, 54625 | Ίωνος Δραγούμη 15, 54625
Τ: +30 2310 287779 – Τ: +30 2314 440300